00679 2200217 4500001002100000005001500021035002000036007000300056008004100059082002900100084003500129100001900164245006800183260006900251300002800320650001600348650001500364520002400379856003400403990002400437INLIS00000000000829620260428101900 a0010-0426000145ta260428 0 ind  a631.147 : 631.1 (594.59) a631.147 : 631.1 (594.59) TIM m0 aTIM BPTP JATIM1 aModel Pertanian Bioindustri Berwawasan Lingkungan Di Jawa Timur aMalang :bBalai Pengkajian Teknologi Pertanian Jawa Timur,c2017 a69p. :bIlus ;c29.2 cm 4aBioindustri 4aLingkungan aLaporan Akhir Tahun aPerpustakaan BBRMP Jawa Timur a437/2026/BBRMPJATIM